[Event "EU-chT (Men) 19th"]
[Site "Warsaw"]
[Date "2013.11.17"]
[Round "9.3"]
[White "Andreikin, Dmitry"]
[Black "Tkachiev, Vladislav"]
[Result "1-0"]
[WhiteElo "2710"]
[BlackElo "2637"]
[Annotator "Andreikin,D"]
[PlyCount "81"]
[EventDate "2013.11.08"]
[EventType "team-swiss"]
[EventRounds "9"]
[EventCountry "POL"]
[SourceTitle "CBM 158"]
[Source "ChessBase"]
[SourceDate "2014.01.16"]
[SourceVersion "1"]
[SourceVersionDate "2014.01.16"]
[SourceQuality "1"]
[WhiteTeam "Russia"]
[BlackTeam "France"]
[WhiteTeamCountry "RUS"]
[BlackTeamCountry "FRA"]

{[%mdl 2]} 1. Nf3 Nf6 2. d4 e6 3. Bg5 {This game was played in the last round
and early in the morning. This move allows a reduction in the time spent
preparing for the opening and the chance to get a playable position from the
first moves.} c5 4. e3 cxd4 5. exd4 Be7 6. Bd3 b6 $1 {I think this is the most
flexible and powerful placement for Black. A similar system was used in the
game Kamsky,G-Leko,P/Moscow 2008/0-1. Black is not rushing to to close the
pawn centre, preferring to develop all the pieces.} 7. Nbd2 Bb7 (7... Ba6 $6 8.
Bxf6 Bxf6 9. Bxa6 Nxa6 10. Ne4 Be7 11. d5 $36) 8. c3 d6 (8... O-O $6 9. Qc2 $5
h6 10. Bxf6 Bxf6 11. h4 $40) 9. Nf1 $5 {I made this move after much thought.
It looks unnatural, but this move allows me to keep the tension. It is logical
to look for other white moves:} (9. O-O O-O 10. Re1 {but here Black can
exchange the bishops, which will simplify the game.} Nd5 $5 $11) 9... Nbd7 {
Of course, now Black can't exchange the bishops, because I have a retreat on
d2.} (9... Nd5 10. Bd2) 10. Ng3 Qc7 11. Qe2 h6 12. Bd2 (12. Bf4 $5 {
Interesting move, provoking Black into active operations. But I decided to act
on the prearranged plan.} g5 $5 13. Bd2 g4 14. Nh4 O-O-O $13) 12... O-O 13. O-O
Rfe8 14. Rae1 Bf8 {Black's pieces are located in successful positions; the
next pawn move e6-e5 is predictable.} 15. Qd1 e5 16. Nh4 $5 {I needed to plan
this move in advance. I think this position is equal, but I was happy to get a
position with a lot of pieces on the board! Our team needed only a victory in
this game!} exd4 {This move simplifies the position.} (16... e4 $5 {looked
more principled:} 17. Bb5 a6 18. Ba4 b5 19. Bc2 Nb6 20. Nhf5 (20. f3 $5) 20...
Nc4 21. Bc1 $132) 17. cxd4 a6 $6 {I find it hard to understand this move.  The
most logical continuation of the past plan would be the exchange of rooks:} (
17... Rxe1 18. Rxe1 Re8 19. Rxe8 Nxe8 20. Nhf5 {The white pieces are much more
active, but creating an attack without rooks will be difficult.}) 18. Nhf5 Qc6
$6 {I think it is also necessary to recognise that this is a bad move. It was
still not too late to exchange the major pieces, though in a worse way.} (18...
Rxe1 19. Rxe1 Re8 $14) 19. f3 {A simple and strong move.} (19. Ne3 $4 Rxe3 $19)
19... d5 $2 {The completion of a very unsuccessful phase of the game for Black.
I suspect that my opponent initially wanted to put the queen in the centre.} (
19... Qd5 $2 20. Be4 $1 Nxe4 21. fxe4 Qe6 22. d5 Qg6 23. Nh5 $1 $18) (19... b5
$5 20. Bf4 Nd5 21. Qd2 $40) (19... Rxe1 20. Qxe1 Re8 21. Qf2 $40) 20. Bf4 {
Now all the white pieces come into play, and Black can't exchange all of his
rooks.} b5 (20... Rxe1 21. Qxe1 $1 Re8 22. Qd2 $36) 21. Qd2 {Up to a certain
moment all White's moves look very natural and logical. This position is
pleasant for me in that I can play on two flanks.  Black should always be
thinking about the sacrifice of pieces on h6, and he should also be fearing
the invasion of the white rook on the c-file.} Rxe1 22. Rxe1 Re8 23. Rc1 Qb6
24. Kh1 {A normal prophylactic move, but I can play more energetically:} (24.
Bc7 $5 Qe6 25. Ba5 $1 {I did not see this strong move.} Nb8 26. Bb4 $1 Bxb4 27.
Qxb4 $16) 24... Re6 25. Ne2 {Maybe it's not the strongest move, but it has a
specific plan of attacking with the g-pawn.} (25. Bc7 $5 Qa7 26. Ne2 Rc6 $5 27.
Rxc6 Bxc6 28. Bd8 Qa8 29. Ne7+ Kh8 30. Nxc6 Qxc6 31. Qc2 Qb7 32. g3 $14) (25.
Bxh6 $4 gxh6 26. Nxh6+ Bxh6 27. Qxh6 Ne4 $1 $19) 25... Rc6 26. Rg1 {The
regrouping of forces was successful!} Re6 $1 {I blundered with this move.} 27.
Qe1 {I am compelled to lose temp that can't be good.} (27. g4 Ne4 $1 $132) (27.
Rc1 Rc6) 27... b4 {The right decision. Black wants to exchange the
light-squared bishops.} 28. g4 {My plan comes into action.} Nh7 $1 {A strong
defensive resource.} (28... Ne4 $6 29. h4 $5 Nd6 30. g5 $40) 29. Qg3 {This
move is forcing the game, from now on forward only! It was possible to return
to positional play:} (29. h4 a5 30. Qd2 Ba6 31. Rc1 Bxd3 32. Qxd3 Rc6 33. Kg2
$14) 29... a5 30. Bc7 $5 {In mutual time trouble, I decided to go on this
difficult option. Direct attack leads only to a draw:} (30. g5 $5 hxg5 31. Bxg5
(31. Nxg7 $5 Bxg7 32. Bxg5 Nxg5 33. Qxg5 Rg6 34. Bxg6 fxg6 35. Nf4 Nf8 $15)
31... Nxg5 32. Qxg5 (32. Nf4 $5 Ne4 $3 33. fxe4 dxe4 34. Be2 e3+ 35. Bf3 Bxf3+
36. Qxf3 Re8 37. Qg2 Qf6 $8 38. Nh5 Qg6 $1 39. Nfxg7 Bxg7 40. Nxg7 Qxg2+ 41.
Rxg2 Re4 42. Nf5+ Kh7 43. Re2 Kg6 44. Nxe3 Rxd4 $11) 32... Rg6 33. Ne7+ Bxe7
34. Qxe7 Rxg1+ 35. Kxg1 Ba6 $5 36. Bxa6 Qxa6 $11) 30... Qc6 (30... Qa7 $2 31.
Nf4 Rc6 32. Bd8 Qb8 33. Be7 $16) 31. Rc1 Qa4 $132 {Unexpectedly the black
queen becomes more active on the edge of the board.} 32. Bd6 $1 {The right
move. I am ready to give up pawns on the queenside, but my rook is beginning
to create dangerous threats.} Qxa2 33. Rc7 {I can't blame myself for this move.
It was hard to find the strong prophylactic move:} (33. Ng1 $3 {The game
continues, White's chances are a little higher.}) 33... Qxb2 $2 {This move
can't be called a big mistake considering the major time pressure. Black can
force a draw in this version:} (33... Qb3 $1 34. f4 $8 Qxb2 35. Rxd7 Rxe2 36.
Bxe2 Qxe2 37. Rxb7 Qf1+ 38. Qg1 Qf3+ 39. Qg2 Qd1+ 40. Qg1 $11) 34. Ng1 $1 {
Now, this move seems logical. The white king feels comfortable and Black must
seek protection against many threats.} (34. Rxd7 $2 Rxe2 35. Bxe2 Qxe2 36. Rxb7
Qf1+ 37. Qg1 Qxf3+ 38. Qg2 Qd1+ 39. Qg1 $11) 34... Qd2 $2 {A crucial mistake.}
({After} 34... Bxd6 35. Nxd6 Nhf8 $5 36. Rxb7 Qxd4 37. Bf5 Re7 38. Nc8 $1 Re8
39. Bxd7 Nxd7 40. Nd6 Rd8 41. Nf5 $14 {the game continues.}) 35. Rxd7 $18 {
The black king becomes my main goal!} Bc6 (35... Qxd3 36. Bxf8 Nxf8 37. Rxf7 $1
Rg6 (37... Kxf7 38. Qc7+ Ke8 39. Nxg7#) 38. Rxb7 $18) (35... Nf6 36. Rd8 Re8
37. Rxe8 Nxe8 38. Bxf8 Qxd3 39. Qe5 $1 $18) 36. Rd8 Qxd3 (36... Be8 37. Ne7+
Bxe7 38. Rxe8+ Bf8 39. Bxh7+ Kxh7 40. Rxe6 fxe6 41. Bxf8 b3 42. Qe5 Qg5 43.
Qxg5 hxg5 44. Ba3 $18) 37. Bxf8 Nxf8 38. Qb8 $1 {Perhaps my opponent somehow
didn't see this long move.} Re1 (38... Be8 39. Rxe8 Rxe8 40. Qxe8 b3 41. Ne7+
Kh7 42. Qxf8 $18) 39. Rxf8+ Kh7 40. Rh8+ Kg6 41. Qf4 1-0

[Event "Reno Far West op"]
[Site "Reno"]
[Date "2005.03.18"]
[Round "2"]
[White "De Guzman, Ricardo"]
[Black "Atalik, Suat"]
[Result "0-1"]
[WhiteElo "2407"]
[BlackElo "2560"]
[Annotator "Atalik,S"]
[PlyCount "82"]
[EventDate "2005.03.19"]
[EventType "swiss"]
[EventRounds "6"]
[EventCountry "USA"]
[SourceTitle "CBM 105 Extra"]
[Source "ChessBase"]
[SourceDate "2005.05.01"]
[SourceVersion "1"]
[SourceVersionDate "2005.05.01"]
[SourceQuality "1"]

1. d4 Nf6 2. Nf3 e6 3. Bg5 {Carlos Torre System.} c5 4. e3 Be7 {Preparing for
b6.} (4... b6 $2 {allows} 5. d5 $1) 5. Nbd2 (5. dxc5 $5 {This move which was
first played by Hort later picked up by Jussupow and Hodgson should not be
that dangerous.} O-O $5 6. c4 Na6 7. Nc3 Nxc5 8. Be2 b6 9. O-O Bb7 $11) 5...
cxd4 6. exd4 b6 7. c3 Bb7 8. Bd3 Qc7 9. O-O (9. Qe2 Nc6 10. O-O Nd5 $5 11. Be4
Bxg5 12. Nxg5 Nce7 13. Qh5 Ng6 14. g3 Nf6 15. Qf3 $13 {leads to an interesting
game.}) 9... d6 10. Re1 {The normal move.} ({I was considering after} 10. Bxf6
gxf6 $5 ({albeit} 10... Bxf6 11. Be4 Nd7 $11 {leads to an equal game.})) 10...
Nbd7 {Black has achieved hedgehog set-up where he should aim for e5 or b5 to
improve his game.} 11. a4 a6 {Kortschnoj allowed a5 against Rogers in Lucerne
Olympiad despite of the fact that he won that game his position was not better.
} 12. Qb1 $5 (12. Qe2 O-O 13. Ne4 Rfe8 $11) (12. Qc2 h6 13. Bh4 O-O $11 {
looked more normal to me to have the rooks connected in the back rank.}) 12...
h6 13. Bh4 O-O (13... g5 $6 {is unnecessarily risky in my opinion.} 14. Bg3 h5
15. Nxg5 $1 (15. h4 gxh4 16. Bxh4 Rg8 $40) 15... h4 16. Bg6 $1 (16. Bf4 $2 Nd5
17. Nh3 Nxf4 18. Nxf4 Bg5 19. Rxe6+ $3 Kd8 $8 20. Re4 d5 21. Nh3 Bxd2 22. Re2
Bh6 $17) 16... O-O-O 17. Nxf7 $1 (17. Bxf7 $2 hxg3 18. fxg3 Rxh2 $19) 17...
hxg3 18. fxg3 e5 19. Nxh8 Rxh8 20. Qf5 Kb8 $13) 14. h3 Rfe8 15. Ne4 e5 $5 {
This looked more to the point during the game but now I am not that sure.} (
15... Nxe4 16. Bxe4 Bxh4 17. Nxh4 Nf6 18. Bxb7 Qxb7 $15 {i believe black has
more prospects to take over the initiative in these type of positions.}) 16.
dxe5 dxe5 {The position is really reminiscent of Fierro Baquero-Yermolinsky,
North American Open 2003 .} 17. Nxf6+ Bxf6 18. Be4 $6 {Ricardo wanted to have
my king on g8 rather than on h8 .} (18. Bh7+ Kh8 19. Be4 Bxh4 20. Nxh4 Rad8 (
20... Nc5 21. Bxb7 Nxb7 22. Nf5 Nd6 $11) 21. Bxb7 Qxb7 22. Qf5 Kg8 $11) 18...
Bxh4 19. Nxh4 Rad8 $6 (19... Nc5 20. Bxb7 Nxb7 $11) (19... Bxe4 $142 20. Qxe4
Nc5 21. Qc4 Qd8 $1 $13) 20. Re3 {This explains his 18th move.} Bxe4 21. Qxe4
Nf6 22. Qc2 e4 ({I was not fascinated with} 22... Nd5 23. Rg3 Ne7 24. Re1 Qc4
25. Rg4 (25. Re4 $2 Rd1+ 26. Qxd1 Qxe4 27. Qd7 Kf8 $17) 25... Qe6 26. f4 (26.
Qe2 f5 27. Rd4 $1 Rxd4 28. cxd4 e4 29. Qxa6 Qb3 (29... Qf6 $6 30. Qc4+ Kh8 $1
31. g3 Rd8 32. Rd1 Nd5 33. Ng2 f4 34. Nxf4 Nxf4 35. gxf4 Qxf4 36. Qb3 $14) 30.
d5 Qb4 31. Rd1 e3 32. Nf3 exf2+ 33. Kxf2 Qc5+ 34. Nd4 Nxd5 35. Qb5 $1 $11)
26... Rd5 27. Nf3 f5 28. Rg3 e4 29. Nd4 Qf6 $13) 23. Nf5 Qd7 (23... Rd5 24. Ng3
Qf4 25. Rae1 Rde5 26. Ne2 Qh4 $11) 24. Ng3 {A surprise!} (24. Nd4 Re5 25. Rae1
(25. Qe2 $2 Ra5 26. b3 Nd5 $17) 25... Ra5 26. b3 Rc5 $36 {was my idea.}) 24...
Qd2 25. Qb3 b5 $4 {Getting low on time and frustrated by the tough and
venomous defence I have blundered like a kid.} (25... Re6 {is the proper way
to continue the game.} 26. Rae1 a5 27. R3e2 Qf4 28. Qc2 Kf8 29. Kf1 (29. Nxe4
$140 $4 Nxe4 30. Rxe4 Rd2 $19) 29... Rde8 $11) (25... Rd3 $4 26. Nf1 $18 {
loses the queen.}) 26. axb5 axb5 27. Rae1 $4 {An unexpected help by the priest!
} (27. Qxb5 $1 Rb8 28. Re2 $1 $18 {wins and keeps the pawn.}) 27... Re5 {
Now the fight starts from the scratch.} 28. Nxe4 $6 {A risky decision. In the
resulting Qvs 2Rs ending white can not hope for more than a draw.} ({After} 28.
R3e2 Qf4 $15 {black will try to play against Ng3 but he does not have much.})
28... Nxe4 29. Rxe4 Qxe1+ 30. Rxe1 Rxe1+ 31. Kh2 Re5 32. Qb4 $6 {Another
inaccuracy surrendering second rank.} (32. f4 Red5 (32... Rc5 33. Qb4 Rcd5 34.
Qe7 $11) 33. Qb4 R8d7 $15) 32... Rd2 $1 $17 {Now it does not matter how many
pawns he will have on the queen's wing since he is in danger of losing the
kingside.} 33. Qf4 $1 ({Probably he was relying on} 33. c4 $2 Rxf2 34. cxb5 Rg5
35. Kh1 Rfxg2 36. Qd4 (36. h4 R2g4 $1 $19) 36... R2g3 37. Kh2 Rb3 38. b6 Rgb5
$19) 33... Ree2 34. Qb8+ Kh7 35. Qxb5 Rxf2 36. b4 Rxg2+ 37. Kh1 g6 $2 $138 {
The time trouble started to show its ugly head.} (37... g5 $1 38. Qe8 Rgf2 39.
Kg1 Kg7 (39... Kg6 $2 40. b5 Rfe2 41. Qg8+ Kf6 42. Kf1 Rh2 43. Kg1 Rdg2+ 44.
Kf1 Rb2 45. Qd8+ Kg6 46. Qg8+ Kh5 47. Qxf7+ Kh4 48. Qc4+ Kxh3 49. Qe6+ Kg3 50.
Qd6+ Kf3 51. Qd5+ $11) 40. Qe5+ Kg6 41. Qe4+ Kf6 42. Qc6+ Kg7 43. Qc5 Rg2+ 44.
Kf1 (44. Kh1 $2 Rge2 45. Qg1 Rd3 $19) 44... Rh2 45. Qe5+ Kg6 46. Qe4+ f5 47.
Qe8+ Kf6 48. Qh8+ Kf7 49. Qh7+ Ke6 $19) (37... Kg6 $2 38. Qc6+ Kf5 39. Qxg2
Rxg2 40. Kxg2 Ke5 41. c4 g5 42. b5 Kd6 43. Kf3 f5 $11) 38. Qc4 $2 $138 {
Another bad move.} (38. Qe8 Rgf2 39. Kg1 Rde2 40. Qd7 Rf5 41. b5 Re1+ 42. Kg2
Re2+ $11) 38... Kg8 $6 {this does not spoil the things but} (38... Rh2+ $142 {
was much simpler.} 39. Kg1 Rdg2+ 40. Kf1 Kg8 41. Qc8+ Kg7 42. Qc4 Ra2 43. Kg1
Rhe2 44. Qd4+ Kh7 45. Qd1 Rg2+ 46. Kf1 Raf2+ 47. Ke1 Rg1+ 48. Kxf2 Rxd1 49. Ke3
Kg7 $19) 39. Qf1 Rg3 $6 ({Again missing the simplest continuation} 39... Rgf2
$142 40. Qg1 Rb2 41. c4 Rfc2 $19) 40. c4 $2 {Guz collapses} ({He could have
created difficulties with} 40. Qe1 Rxh3+ 41. Kg1 Rhd3 42. Qe8+ Kg7 43. Qe5+ Kh7
44. Qe8 Rd7 45. b5 Ra7 46. Qe1 Rc2 47. Qf1 Rxc3 48. b6 Rb7 49. Qa6 Re7 50. Qb5
Rc8 51. Qd5 Rc2 $1 52. Kf1 Rb2 $19 {and the b pawn will fall.}) 40... Rgd3 41.
Qf4 (41. Qf6 Rd1+ 42. Kh2 R3d2+ 43. Kg3 Rg1+ 44. Kh4 Rd3 $1 $19 {forces the
checkmate.}) 41... Rc2 $2 {I was concentrated on collecting his pawns.} (41...
Rd1+ 42. Kg2 R3d2+ $19 43. Kg3 Rg1+ 44. Kh4 g5+ $19 {was much simpler.}) (41...
Rc2 $2 42. Qf1 Rdc3 (42... Rb3 43. Qe1 Rxh3+ 44. Kg1 Rb3 45. b5 (45. Qe8+ Kg7
46. Qe5+ Kh7 47. Qe1 Rxc4 48. Qf2 Rc1+ 49. Kg2 Rc7 $19) 45... Rxc4 46. Qe8+ Kg7
47. Qe5+ Kh7 48. Qe7 Rc1+ 49. Kf2 Rc2+ $19) 43. Qf6 Rc1+ 44. Kg2 R3c2+ 45. Kg3
Rg1+ 46. Kh4 Rxc4+ $19) 0-1